[Event "VIII Weekend A"]
[Site "Porto Sant'Elpidio ITA"]
[Date "2005.11.27"]
[Round "6"]
[White "Allegranti, Luca"]
[Black "Di Martino, Antonio"]
[Result "1-0"]
[WhiteElo "2024"]
[BlackElo "2015"]
[PlyCount "85"]
[EventDate "2005.11.19"]

1. d4 d5 2. Nf3 Nf6 3. e3 e6 4. Bd3 c5 5. c3 Bd6 6. Nbd2 O-O 7. Ne5 Qc7 8. f4
Nc6 9. O-O a6 10. Rf3 g6 11. Rh3 Nd7 12. Qg4 f5 13. Qg3 Ndxe5 14. fxe5 Be7 15.
Nf3 b5 16. a3 Ra7 17. Bd2 b4 18. axb4 cxb4 19. Ng5 Bxg5 20. Qxg5 bxc3 21. Bxc3
a5 22. Rg3 Rf7 23. h4 Qe7 24. Qxe7 Rfxe7 25. h5 Kg7 26. Kf2 Nb4 27. Be2 Rf7 28.
hxg6 hxg6 29. Bh5 f4 30. Rxg6+ Kh7 31. Rh1 fxe3+ 32. Kxe3 Rg7 33. Rxg7+ Kxg7
34. g4 Bd7 35. g5 Ba4 36. Bg4 Re7 37. Rh6 Bd7 38. Rf6 Re8 39. Kd2 Bc8 40. Bh5
Rf8 41. Rxf8 Kxf8 42. Bxb4+ axb4 43. Kc2 1-0

[Event "VIII Weekend A"]
[Site "Porto Sant'Elpidio ITA"]
[Date "2005.11.27"]
[Round "6"]
[White "Bastarelli, Giuseppe"]
[Black "Rinaudo, Andrea"]
[Result "1-0"]
[WhiteElo "2104"]
[BlackElo "2120"]
[PlyCount "111"]
[EventDate "2005.11.19"]

1. d4 Nf6 2. c4 e6 3. Nc3 d5 4. Nf3 Nbd7 5. Bg5 Be7 6. e3 O-O 7. Rc1 a6 8. a3
dxc4 9. Bxc4 b5 10. Ba2 c5 11. O-O Bb7 12. Qe2 Ne4 13. Bxe7 Qxe7 14. Bb1 Nxc3
15. Rxc3 cxd4 16. exd4 Rac8 17. Rfc1 Qd6 18. Rxc8 Rxc8 19. Rxc8+ Bxc8 20. Qc2
Bb7 21. Qxh7+ Kf8 22. Qh8+ Ke7 23. Qxg7 Bxf3 24. gxf3 Qf4 25. Kg2 Nf6 26. Be4
Qd2 27. Qg3 Qxd4 28. Qc7+ Kf8 29. Qc3 Qxc3 30. bxc3 Nd7 31. Bc2 Ke7 32. f4 Nf6
33. Bb3 Ne4 34. c4 Kd6 35. cxb5 axb5 36. h4 Nd2 37. Ba2 Ne4 38. h5 Ke7 39. h6
Kf6 40. Bb1 Nc5 41. Bc2 Na4 42. Bd3 Nc3 43. Kf3 Nd5 44. Bxb5 Kg6 45. Be8 Nc7
46. h7 Kxh7 47. Bxf7 Kg7 48. Bh5 Kf6 49. a4 e5 50. a5 Nb5 51. Be8 Na7 52. Ke4
exf4 53. Kxf4 Nc8 54. Bd7 Na7 55. Ke4 Ke7 56. Ba4 1-0

[Event "VIII Weekend A"]
[Site "Porto Sant'Elpidio ITA"]
[Date "2005.11.27"]
[Round "6"]
[White "Di Donatantonio, Franco"]
[Black "Paci, Stefano"]
[Result "1-0"]
[WhiteElo "2027"]
[BlackElo "2144"]
[PlyCount "80"]
[EventDate "2005.11.19"]

1. e4 c6 2. d3 d5 3. Nd2 g6 4. Ngf3 Bg7 5. Be2 e5 6. O-O Ne7 7. c3 O-O 8. Qc2
h6 9. Re1 Be6 10. Nf1 f5 11. h3 Nd7 12. Be3 Qc7 13. Rad1 f4 14. Bc1 dxe4 15.
dxe4 Rad8 16. N3d2 Nf6 17. Nh2 h5 18. Nhf3 Bh6 19. Bc4 Bxc4 20. Nxc4 Nd7 21. b4
b5 22. Ncd2 Kh7 23. c4 a6 24. Bb2 g5 25. Nh2 Ng6 26. cxb5 axb5 27. Rc1 Nf6 28.
Nb3 Rc8 29. Nc5 Rg8 30. Qe2 Qe7 31. Rcd1 Rg7 32. Qd3 g4 33. Qd6 gxh3 34. gxh3
Nh4+ 35. Kh1 Re8 36. Qxe7 Rexe7 37. Rd6 Ng8 38. Re6 Rxe6 39. Nxe6 Re7 40. Nc5
40... f3 {...} 1-0

[Event "VIII Weekend A"]
[Site "Porto Sant'Elpidio ITA"]
[Date "2005.11.27"]
[Round "6"]
[White "Fioravanti, Diego"]
[Black "Rinaudo, Sergio"]
[Result "0-1"]
[WhiteElo "2152"]
[BlackElo "2093"]
[PlyCount "125"]
[EventDate "2005.11.19"]

1. e4 e5 2. f4 exf4 3. Nc3 d5 4. Nxd5 Bd6 5. Nf3 Be6 6. d4 Bxd5 7. exd5 Qf6 8.
Bd3 g5 9. O-O Nd7 10. c4 O-O-O 11. Kh1 g4 12. Ne5 Nxe5 13. dxe5 Bxe5 14. Qxg4+
Kb8 15. Bxf4 Bxf4 16. Qxf4 Qxb2 17. Qxf7 Nh6 18. Qf3 Qg7 19. Rab1 Rdf8 20. Qe4
Re8 21. Qh4 Ng4 22. c5 Ne3 23. Rg1 Nxd5 24. Qa4 Re6 25. Ba6 b6 26. Qc4 Qe5 27.
cxb6 axb6 28. Qg4 Rh6 29. h3 Rg6 30. Qh4 Ne3 31. Rb5 Nxg2 32. Qf2 Qg3 33. Qxg2
Qxg2+ 34. Rxg2 Rxg2 35. Kxg2 Ka7 36. Bc8 Rxc8 37. Rh5 Rg8+ 38. Kf3 Rg7 39. Ke4
c5 40. Kd5 Ka6 41. Kc4 Ka5 42. Re5 Rd7 43. Re8 Rd4+ 44. Kc3 Rh4 45. Re3 Ka4 46.
Kb2 Kb4 47. Rb3+ Ka5 48. Ra3+ Kb5 49. Rf3 h5 50. Re3 Kc4 51. Rc3+ Kd5 52. Re3
b5 53. Rg3 Kd4 54. Rf3 Re4 55. a3 Re2+ 56. Kb1 Re3 57. Rf4+ Kd5 58. Rf5+ Re5
59. Rf4 c4 60. Kc2 Rg5 61. Rf3 Ke4 62. Rf1 Rg3 63. Re1+ 0-1

[Event "VIII Weekend A"]
[Site "Porto Sant'Elpidio ITA"]
[Date "2005.11.27"]
[Round "6"]
[White "Fioravanti, Emidio"]
[Black "Miandro, Roberto"]
[Result "1-0"]
[WhiteElo "2049"]
[BlackElo "2092"]
[PlyCount "107"]
[EventDate "2005.11.19"]

1. e4 d5 2. exd5 Qxd5 3. d4 Nc6 4. Nf3 e6 5. c4 Bb4+ 6. Nc3 Qd8 7. a3 Bxc3+ 8.
bxc3 Nf6 9. Bg5 h6 10. Bh4 Ne7 11. Ne5 Nf5 12. Bg3 O-O 13. Bd3 Nxg3 14. hxg3
Nd7 15. f4 Nxe5 16. dxe5 f6 17. Qf3 Qe7 18. exf6 Qxf6 19. O-O Rb8 20. Qe4 Bd7
21. Qh7+ Kf7 22. f5 e5 23. c5 Rh8 24. Qg6+ Ke7 25. Qg4 Bc6 26. Rae1 Rbe8 27.
Qd4 Kf8 28. Qg4 Ke7 29. Be4 Bxe4 30. Qxe4 c6 31. Qb4 Rb8 32. Qf4 Rhe8 33. Rxe5+
Kf8 34. Rfe1 Rxe5 35. Rxe5 Rd8 36. Qe4 Qf7 37. g4 Re8 38. Rxe8+ Qxe8 39. Qxe8+
Kxe8 40. Kf2 b5 41. Kf3 Ke7 42. Ke4 Kf6 43. Kf4 a6 44. Ke4 a5 45. Kd4 Kf7 46.
Ke5 Ke7 47. Kf4 Kf6 48. g3 Kf7 49. g5 h5 50. Ke5 Ke7 51. f6+ gxf6+ 52. gxf6+
Kf7 53. Kd6 Kxf6 54. Kxc6 1-0

[Event "VIII Weekend A"]
[Site "Porto Sant'Elpidio ITA"]
[Date "2005.11.27"]
[Round "6"]
[White "Palmizi, Alessandro"]
[Black "Benaglia, Giovanni"]
[Result "0-1"]
[WhiteElo "1802"]
[BlackElo "2008"]
[PlyCount "74"]
[EventDate "2005.11.19"]

1. e4 e6 2. d4 d5 3. exd5 exd5 4. Bd3 Nc6 5. c3 Bd6 6. Qc2 Nge7 7. Ne2 Bg4 8.
f3 Bh5 9. Bf4 Bg6 10. Nd2 Bxd3 11. Qxd3 Bxf4 12. Nxf4 Qd6 13. Ne2 O-O-O 14. b4
Rde8 15. O-O-O g6 16. Ng3 h5 17. Rhe1 h4 18. Ngf1 Nf5 19. Re2 Nfxd4 20. Rxe8+
Rxe8 21. a3 Ne2+ 22. Kb1 Qf6 23. Ne4 Rxe4 24. fxe4 Nxc3+ 25. Kc2 Nxd1 26. Qxd1
Nd4+ 27. Kb1 dxe4 28. Ne3 Ne6 29. Qa4 Qd4 30. Qe8+ Nd8 31. Nc2 Qg1+ 32. Kb2
Qxg2 33. Qe5 Ne6 34. Qh8+ Kd7 35. Qf6 Qxh2 36. Qxf7+ Kd6 37. Qxg6 Qg3 0-1

[Event "VIII Weekend A"]
[Site "Porto Sant'Elpidio ITA"]
[Date "2005.11.27"]
[Round "6"]
[White "Paolini, Fabio"]
[Black "Cerusico, Carlo"]
[Result "1-0"]
[WhiteElo "1868"]
[BlackElo "1466"]
[PlyCount "87"]
[EventDate "2005.11.19"]

1. e4 e6 2. d4 d5 3. exd5 exd5 4. Bd3 Nf6 5. Ne2 Bd6 6. Nbc3 c6 7. Bf4 Bxf4 8.
Nxf4 O-O 9. O-O Nbd7 10. Qf3 Re8 11. Rfe1 Rxe1+ 12. Rxe1 Nf8 13. Nh5 Nxh5 14.
Qxh5 Be6 15. Ne2 Qd7 16. Ng3 Ng6 17. Nf5 Nf4 18. Qg5 Bxf5 19. Bxf5 Ne6 20. Qh4
g6 21. Bxe6 fxe6 22. Qf6 Re8 23. h4 Qf7 24. Qxf7+ Kxf7 25. Re5 b6 26. Kf1 Rc8
27. Re3 c5 28. Rc3 Ke7 29. Ke2 Kd6 30. f4 Rc7 31. a3 Rc6 32. h5 cxd4 33. Rxc6+
Kxc6 34. hxg6 hxg6 35. Kd3 Kc5 36. b4+ Kb5 37. Kxd4 Ka4 38. Ke5 Kxa3 39. Kxe6
Kxb4 40. Kf6 a5 41. Kxg6 Kc5 42. f5 a4 43. f6 a3 44. f7 1-0

[Event "VIII Weekend A"]
[Site "Porto Sant'Elpidio ITA"]
[Date "2005.11.27"]
[Round "6"]
[White "Perogio, Lorenzo"]
[Black "Padovani, Alessio"]
[Result "1-0"]
[WhiteElo "1886"]
[BlackElo "2014"]
[PlyCount "45"]
[EventDate "2005.11.19"]

1. e4 e5 2. Nf3 f5 3. Bc4 fxe4 4. Nxe5 Qg5 5. d4 Qxg2 6. Qh5+ g6 7. Bf7+ Kd8 8.
Bg5+ Be7 9. Bxe7+ Nxe7 10. Qh4 g5 11. Qh6 Qxh1+ 12. Ke2 d6 13. Qg7 dxe5 14.
Qxh8+ Ng8 15. Qxg8+ Ke7 16. Qe8+ Kf6 17. dxe5+ Kf5 18. Qxc8+ Kxe5 19. Qe6+ Kf4
20. Qf6+ Kg4 21. h3+ Kxh3 22. Qh6+ Kg2 23. Qxg5+ 1-0

[Event "XXXIII C.to Italiano ASCI"]
[Site "Silvi Marina ITA"]
[Date "2005.08.27"]
[Round "1"]
[White "Antonini, Franco"]
[Black "Fracas, Aldo"]
[Result "1-0"]
[WhiteElo "2125"]
[BlackElo "1529"]
[PlyCount "37"]
[EventDate "2005.08.27"]

1. e4 e6 2. Nc3 d5 3. f4 dxe4 4. Nxe4 Nf6 5. Nxf6+ Qxf6 6. d4 Bd6 7. g3 b6 8.
Bg2 c6 9. Nf3 Bb7 10. O-O Nd7 11. Ne5 Rc8 12. Nxd7 Kxd7 13. a4 h5 14. c4 h4 15.
g4 Rc7 16. a5 bxa5 17. Rxa5 Ra8 18. f5 exf5 19. Raxf5 1-0

[Event "XXXIII C.to Italiano ASCI"]
[Site "Silvi Marina ITA"]
[Date "2005.08.27"]
[Round "1"]
[White "Conti, Renato"]
[Black "Kowalczyk, Martin"]
[Result "0-1"]
[WhiteElo "1493"]
[BlackElo "2051"]
[PlyCount "40"]
[EventDate "2005.08.27"]

1. d4 Nf6 2. Nf3 d5 3. e3 e6 4. c4 Bb4+ 5. Bd2 Qe7 6. a3 Bxd2+ 7. Nbxd2 c5 8.
Bd3 O-O 9. O-O dxc4 10. Nxc4 b6 11. Qc2 cxd4 12. exd4 Bb7 13. Ncd2 Rc8 14. Qb1
Nc6 15. Rd1 Rd8 16. Be4 Nxd4 17. Bxb7 Qxb7 18. Nxd4 Rxd4 19. h3 Rad8 20. Qc2
Qd7 0-1

[Event "XXXIII C.to Italiano ASCI"]
[Site "Silvi Marina ITA"]
[Date "2005.08.28"]
[Round "2"]
[White "Papa, Pasquale"]
[Black "Antonini, Franco"]
[Result "0-1"]
[WhiteElo "1661"]
[BlackElo "2125"]
[PlyCount "26"]
[EventDate "2005.08.27"]

1. Nf3 d5 2. d4 Bf5 3. c4 e6 4. Nc3 c6 5. cxd5 cxd5 6. Bf4 Nc6 7. e3 Qb6 8. Qd2
Nf6 9. a3 Be7 10. Nb5 Rc8 11. b4 Ne4 12. Qb2 O-O 13. Nc3 Nxc3 0-1

[Event "XXXIII C.to Italiano ASCI"]
[Site "Silvi Marina ITA"]
[Date "2005.08.29"]
[Round "3"]
[White "Antonini, Franco"]
[Black "Poli, Diego"]
[Result "1-0"]
[WhiteElo "2125"]
[BlackElo "1580"]
[PlyCount "49"]
[EventDate "2005.08.27"]

1. e4 c5 2. Nc3 e6 3. g3 g6 4. Bg2 Bg7 5. d3 Bxc3+ 6. bxc3 d6 7. Ne2 e5 8. O-O
Ne7 9. h3 O-O 10. Bh6 Re8 11. f4 f6 12. fxe5 fxe5 13. Qb1 Qb6 14. Qc1 Nec6 15.
Qe3 Be6 16. h4 Nd7 17. h5 c4 18. d4 Bg4 19. hxg6 Bxe2 20. gxh7+ Kh8 21. Rf7 Re6
22. Bg7+ Kxh7 23. Bf6+ Kg6 24. Rg7+ Kxf6 25. Qg5# 1-0

[Event "XXXIII C.to Italiano ASCI"]
[Site "Silvi Marina ITA"]
[Date "2005.08.29"]
[Round "3"]
[White "Fratini, Mauro"]
[Black "Kowalczyk, Martin"]
[Result "0-1"]
[WhiteElo "1736"]
[BlackElo "2051"]
[PlyCount "124"]
[EventDate "2005.08.27"]

1. d4 c5 2. e3 Nf6 3. Nf3 g6 4. Nbd2 Bg7 5. Be2 cxd4 6. exd4 O-O 7. O-O Nc6 8.
c3 b6 9. Re1 Bb7 10. Bd3 Qc7 11. h3 Rfe8 12. Nc4 Rad8 13. Bg5 d6 14. Ne3 Nb8
15. Bxf6 Bxf6 16. Ng4 Bg7 17. Qe2 a6 18. Bc4 Bxf3 19. gxf3 b5 20. Bb3 Qd7 21.
Qe3 Nc6 22. a3 Na5 23. Ba2 Nc4 24. Qe2 h5 25. Ne3 Nxe3 26. fxe3 Qxh3 27. Qg2
Qxg2+ 28. Kxg2 e5 29. Bd5 Re7 30. Rad1 exd4 31. cxd4 Rc8 32. Re2 Rec7 33. Rdd2
Bh6 34. f4 Kf8 35. Kf3 Ke7 36. Kg3 a5 37. Rf2 f6 38. Kh4 f5 39. Rg2 Kf6 40. Rg1
Rc2 41. Rgg2 Rxd2 42. Rxd2 g5+ 43. Kg3 b4 44. axb4 axb4 45. fxg5+ Bxg5 46. Re2
Rc1 47. e4 f4+ 48. Kh2 Rd1 49. e5+ dxe5 50. dxe5+ Ke7 51. Bb3 Rd3 52. Bc4 Rd4
53. b3 f3 54. Re1 Bf4+ 55. Kg1 Rd2 56. Rf1 Be3+ 57. Kh1 f2 58. Kg2 Bc5 59. Rh1
Rd4 60. Rxh5 Rg4+ 61. Kh3 Rxc4 62. Rf5 Rc1 0-1

[Event "XXXIII C.to Italiano ASCI"]
[Site "Silvi Marina ITA"]
[Date "2005.08.30"]
[Round "4"]
[White "Kowalczyk, Martin"]
[Black "Antonini, Franco"]
[Result "1/2-1/2"]
[WhiteElo "2051"]
[BlackElo "2125"]
[PlyCount "82"]
[EventDate "2005.08.27"]

1. e4 g6 2. d4 Bg7 3. Nf3 d6 4. h3 Nf6 5. Bd3 Nc6 6. O-O O-O 7. Bd2 Nd7 8. c3
e5 9. d5 Ne7 10. c4 a5 11. b4 axb4 12. Bxb4 b6 13. Nbd2 f5 14. a4 Nf6 15. a5
fxe4 16. Nxe4 Nxe4 17. Bxe4 Bf5 18. Ng5 Bxe4 19. Nxe4 bxa5 20. Bxa5 Nf5 21. Bd2
h6 22. Rxa8 Qxa8 23. Qb3 Rb8 24. Qd3 Qa2 25. Rc1 Rb3 26. Nc3 Qa3 27. Qc2 Nd4
28. Qxg6 Rxc3 29. Rxc3 Ne2+ 30. Kh2 Qa1 31. Rc1 Nxc1 32. Bxh6 e4 33. Qe8+ Kh7
34. Bxg7 Kxg7 35. Qxe4 Qe5+ 36. Qxe5+ dxe5 37. Kg3 Nd3 38. Kf3 Kf6 39. g3 Nc5
40. Ke3 Kf5 41. f3 Nd7 1/2-1/2

[Event "XXXIII C.to Italiano ASCI"]
[Site "Silvi Marina ITA"]
[Date "2005.08.30"]
[Round "4"]
[White "Pugliese, Giuseppe"]
[Black "Gasperoni, Claudio"]
[Result "1/2-1/2"]
[WhiteElo "1624"]
[BlackElo "1592"]
[PlyCount "46"]
[EventDate "2005.08.27"]

1. e4 e5 2. Nf3 Nc6 3. Nc3 Nf6 4. d4 exd4 5. Nxd4 Bc5 6. Nxc6 bxc6 7. Bd3 d6 8.
Na4 Bb6 9. Nxb6 axb6 10. O-O h6 11. Bf4 O-O 12. Re1 Ba6 13. c4 b5 14. Qc2 Nd7
15. Re3 Ne5 16. Bxe5 dxe5 17. Rd1 Qe7 18. a3 b4 19. a4 c5 20. b3 Rad8 21. Be2
Rd4 22. f3 Rfd8 23. Red3 R8d6 1/2-1/2

[Event "XXXIII C.to Italiano ASCI"]
[Site "Silvi Marina ITA"]
[Date "2005.08.31"]
[Round "5"]
[White "Antonini, Franco"]
[Black "Gasperoni, Claudio"]
[Result "1-0"]
[WhiteElo "2125"]
[BlackElo "1592"]
[PlyCount "81"]
[EventDate "2005.08.27"]

1. e4 e5 2. Nf3 Nc6 3. d4 exd4 4. Bc4 Be7 5. Nxd4 d6 6. Nxc6 bxc6 7. O-O Nf6 8.
Nc3 O-O 9. h3 Be6 10. Bd3 Nd7 11. f4 f6 12. Be3 Nb6 13. b3 d5 14. Ne2 c5 15.
exd5 Nxd5 16. Bd2 Nb4 17. Be4 Bd5 18. Bxd5+ Qxd5 19. c3 Nc6 20. c4 Qe4 21. Qe1
Bd6 22. Nc3 Qxe1 23. Raxe1 Nd4 24. Nd5 Rfe8 25. Nc3 f5 26. Kf2 a6 27. g3 Kf7
28. Nd5 Rxe1 29. Rxe1 Re8 30. Rxe8 Kxe8 31. Bc3 Ne6 32. Kf3 c6 33. Ne3 g6 34.
Nc2 Kd7 35. Ne1 Nd8 36. Nd3 Nf7 37. Bd2 Ke6 38. Be3 h6 39. Bxc5 g5 40. Be3 a5
41. Bd2 1-0

[Event "XXXIII C.to Italiano ASCI"]
[Site "Silvi Marina ITA"]
[Date "2005.08.31"]
[Round "5"]
[White "Kowalczyk, Martin"]
[Black "Melle, Ezio"]
[Result "1-0"]
[WhiteElo "2051"]
[BlackElo "1807"]
[PlyCount "65"]
[EventDate "2005.08.27"]

1. e4 c5 2. Nf3 a6 3. b3 d6 4. Bb2 e5 5. Bc4 b5 6. Bd5 Ra7 7. a4 b4 8. d3 Nf6
9. Bc4 Nc6 10. O-O Na5 11. Nbd2 Nxc4 12. Nxc4 a5 13. Nfd2 Nd7 14. f4 f6 15. f5
h5 16. Nf3 Nb6 17. Nh4 Nxc4 18. dxc4 Rd7 19. Ng6 Rh7 20. Qd5 Rf7 21. Rae1 Qb6
22. Bc1 Qb7 23. Qd1 Bd7 24. Rf3 Bc6 25. Qe2 Be7 26. Rh3 Kd8 27. Rxh5 Rxh5 28.
Qxh5 Bxe4 29. Re2 Bc6 30. Nxe5 Rf8 31. Ng6 Rf7 32. Nf4 Rf8 33. Ne6+ 1-0

[Event "XXXIII C.to Italiano ASCI"]
[Site "Silvi Marina ITA"]
[Date "2005.09.01"]
[Round "6"]
[White "Damiani, Lorenzo"]
[Black "Antonini, Franco"]
[Result "0-1"]
[WhiteElo "1739"]
[BlackElo "2125"]
[PlyCount "63"]
[EventDate "2005.08.27"]

1. g3 g6 2. Bg2 Bg7 3. d4 d6 4. e4 Nc6 5. Ne2 Bg4 6. f3 Bd7 7. Nbc3 Qc8 8. Be3
Bh3 9. Bxh3 Qxh3 10. Nf4 Qd7 11. Qd2 a6 12. Nfe2 O-O-O 13. O-O-O e6 14. d5 Nce7
15. Bd4 Nf6 16. dxe6 fxe6 17. f4 Nc6 18. Bxf6 Bxf6 19. Qe3 d5 20. e5 Be7 21.
Ne4 Kb8 22. Nc5 Qc8 23. Nd4 Nxd4 24. Qxd4 b6 25. Nb3 c5 26. Qf2 h6 27. h4 Rhf8
28. Qd2 Ka7 29. a4 Rf7 30. a5 b5 31. Kb1 Qc7 32. Qe1 0-1

[Event "XXXIII C.to Italiano ASCI"]
[Site "Silvi Marina ITA"]
[Date "2005.09.01"]
[Round "6"]
[White "Pugliese, Giuseppe"]
[Black "Kowalczyk, Martin"]
[Result "0-1"]
[WhiteElo "1624"]
[BlackElo "2051"]
[PlyCount "63"]
[EventDate "2005.08.27"]

1. e4 d6 2. d4 Nf6 3. Nc3 g6 4. Be3 Bg7 5. f3 c6 6. Qd2 Qa5 7. O-O-O b5 8. g4
h5 9. g5 Nfd7 10. f4 Nb6 11. h3 Na6 12. Nf3 Be6 13. d5 b4 14. Nb1 cxd5 15. Nd4
Nc4 16. Bxc4 dxc4 17. Nxe6 Bxb2+ 18. Kxb2 c3+ 19. Nxc3 bxc3+ 20. Qxc3 Rb8+ 21.
Qb3 Rxb3+ 22. axb3 fxe6 23. Ra1 Qb5 24. Bxa7 Kf7 25. Bd4 Rc8 26. Ra4 Nc5 27.
Ra7 Nxe4 28. Re1 Qd5 29. Bg1 Qd2 30. Rc1 Nc3 31. Raa1 Ne2 32. Be3 0-1

[Event "XXXIII C.to Italiano ASCI"]
[Site "Silvi Marina ITA"]
[Date "2005.09.02"]
[Round "7"]
[White "Antonini, Franco"]
[Black "Fratini, Mauro"]
[Result "1-0"]
[WhiteElo "2125"]
[BlackElo "1736"]
[PlyCount "51"]
[EventDate "2005.08.27"]

1. e4 Nf6 2. d3 d6 3. g3 g6 4. Bg2 Bg7 5. f4 e5 6. Ne2 Nbd7 7. O-O O-O 8. h3 c6
9. f5 d5 10. exd5 cxd5 11. g4 h6 12. Ng3 Nc5 13. g5 hxg5 14. Bxg5 Qb6 15. Kh2
e4 16. d4 Qxb2 17. dxc5 Qxa1 18. fxg6 Be6 19. Bxf6 Bxf6 20. Qh5 fxg6 21. Qxg6+
Kh8 22. Qh6+ Kg8 23. c3 Bg7 24. Qxe6+ Kh8 25. Nf5 Qxa2 26. Rf4 1-0

[Event "XXXIII C.to Italiano ASCI"]
[Site "Silvi Marina ITA"]
[Date "2005.09.02"]
[Round "7"]
[White "Kowalczyk, Martin"]
[Black "Gasperoni, Claudio"]
[Result "1-0"]
[WhiteElo "2051"]
[BlackElo "1592"]
[PlyCount "81"]
[EventDate "2005.08.27"]

1. e4 e5 2. Nf3 Nc6 3. Bb5 a6 4. Bxc6 dxc6 5. O-O Bg4 6. h3 Bxf3 7. Qxf3 c5 8.
d3 Ne7 9. Qe2 Nc6 10. f4 Qd4+ 11. Kh1 O-O-O 12. Nc3 Qd7 13. fxe5 Nxe5 14. Nd5
f6 15. Qf2 Bd6 16. Be3 Qb5 17. a4 Qc6 18. a5 h5 19. Rfb1 Qe8 20. b4 Ng4 21.
Qf5+ Kb8 22. bxc5 Nxe3 23. Nxe3 Be5 24. Ra3 g6 25. Qf3 c6 26. Rab3 Rh7 27. Nc4
Qe6 28. c3 Ka8 29. Nxe5 fxe5 30. d4 Rf7 31. Qd3 exd4 32. cxd4 Rfd7 33. d5 cxd5
34. Rb6 Qxe4 35. Rxa6+ Kb8 36. Qg3+ Rc7 37. Rab6 d4 38. a6 Rdd7 39. Rxb7+ Ka8
40. Rb8+ Ka7 41. Qb3 1-0

[Event "XXXIII C.to Italiano ASCI"]
[Site "Silvi Marina ITA"]
[Date "2005.09.03"]
[Round "8"]
[White "Melle, Ezio"]
[Black "Antonini, Franco"]
[Result "0-1"]
[WhiteElo "1807"]
[BlackElo "2125"]
[PlyCount "120"]
[EventDate "2005.08.27"]

1. e4 Nc6 2. Nf3 g6 3. d4 Bg7 4. Be3 Nf6 5. Nc3 d6 6. d5 Nb8 7. Bb5+ Bd7 8.
Bxd7+ Nbxd7 9. Bd4 O-O 10. O-O Nb6 11. Qe2 Re8 12. Rad1 e5 13. dxe6 Rxe6 14.
Ng5 Re8 15. e5 Nfd7 16. f4 dxe5 17. Nxf7 exd4 18. Nxd8 Rxe2 19. Nxe2 Rxd8 20.
Nxd4 Re8 21. c3 Nc5 22. f5 Bxd4+ 23. cxd4 Ncd7 24. fxg6 hxg6 25. Rde1 Rxe1 26.
Rxe1 Kf7 27. b3 Nf6 28. h3 Nbd5 29. g4 Nf4 30. Kh2 N6d5 31. Kg3 Ne6 32. h4 Nxd4
33. Rd1 Ne2+ 34. Kf3 Nec3 35. Rd2 c6 36. g5 Nb5 37. Rh2 Ke6 38. Re2+ Kf7 39.
Rh2 b6 40. Kg4 c5 41. h5 gxh5+ 42. Kxh5 Kg7 43. Rf2 Nbc7 44. a4 Ne6 45. Rd2 Nd4
46. b4 Nxb4 47. g6 Nd5 48. Rd1 Nf4+ 49. Kg5 Nxg6 50. a5 Ne7 51. axb6 axb6 52.
Ra1 Kf7 53. Ra7 Ke6 54. Kf4 Nec6 55. Ra6 b5 56. Ke4 c4 57. Ra1 Kd6 58. Rh1 Kc5
59. Rh5+ Kb4 60. Kd5 c3 0-1

[Event "XXXIII C.to Italiano ASCI"]
[Site "Silvi Marina ITA"]
[Date "2005.09.03"]
[Round "8"]
[White "Poli, Diego"]
[Black "Kowalczyk, Martin"]
[Result "0-1"]
[WhiteElo "1580"]
[BlackElo "2051"]
[PlyCount "74"]
[EventDate "2005.08.27"]

1. e4 d6 2. d4 Nf6 3. Nc3 g6 4. Bg5 h6 5. Bxf6 exf6 6. Nf3 Bg7 7. e5 fxe5 8.
dxe5 dxe5 9. Qxd8+ Kxd8 10. O-O-O+ Nd7 11. Bc4 Rf8 12. Rhe1 f6 13. g4 g5 14.
Be6 c6 15. Ne4 Ke7 16. Bxd7 Bxd7 17. h3 b6 18. b3 h5 19. Nh2 hxg4 20. Nxg4 Rh8
21. Re3 Be6 22. Nc3 Rad8 23. Rxd8 Rxd8 24. Ne2 Bf5 25. Ng3 Bg6 26. Ne2 Ke6 27.
h4 gxh4 28. Nf4+ Kf5 29. Nxg6 Kxg6 30. Rh3 Kg5 31. Nh2 e4 32. f4+ exf3 33. Rxf3
f5 34. Rd3 Rxd3 35. cxd3 Kf4 36. Kd2 Kg3 37. Nf1+ Kf2 0-1

[Event "I Open Olimpico A"]
[Site "Torino ITA"]
[Date "2005.12.03"]
[Round "1"]
[White "Castaldo, Folco"]
[Black "Giusiano, Marco"]
[Result "1-0"]
[WhiteElo "2363"]
[BlackElo "2038"]
[PlyCount "49"]
[EventDate "2005.12.03"]

1.e4 Nf6 2.e5 Nd5 3.d4 d6 4.Nf3 Bg4 5.Be2 e6 6.O-O Be7 7.h3 Bh5 8.c4 Nb6 
9.Be3 c6 10.exd6 Bf8 11.Qb3 Qc8 12.a4 N6d7 13.Bf4 c5 14.dxc5 Nxc5 15.Qe3 
a5 16.Nc3 Nba6 17.Rad1 Bxf3 18.Bxf3 Kd7 19.Nd5 Qd8 20.Nc7 Rc8 21.Rfe1 h6 
22.Bxb7 Nxb7 23.Qb6 Rb8 24.Qb5+ Kc8 25.d7+ 1-0

[Event "I Open Olimpico A"]
[Site "Torino ITA"]
[Date "2005.12.03"]
[Round "1"]
[White "Forno, Roberto"]
[Black "Ranieri, Fabrizio"]
[Result "0-1"]
[WhiteElo "2026"]
[BlackElo "2247"]
[PlyCount "66"]
[EventDate "2005.12.03"]

1.e4 e6 2.d4 d5 3.Nc3 Nf6 4.Bg5 Bb4 5.Bxf6 Qxf6 6.e5 Qe7 7.Nf3 c5 8.Bb5+ 
Bd7 9.Qd3 O-O 10.Bxd7 Nxd7 11.O-O Bxc3 12.bxc3 cxd4 13.cxd4 Rfc8 14.Rfb1 
Nb6 15.a4 Rc6 16.a5 Nc4 17.Qb3 b6 18.axb6 Rxb6 19.Qa4 Rab8 20.Rb3 h6 21.h3
a5 22.Ne1 Rb4 23.Qa2 Qa7 24.Rxb4 Rxb4 25.Nd3 Rb8 26.Nc5 Nxe5 27.Qxa5 Rb1+ 
28.Kh2 Rxa1 29.Qd8+ Kh7 30.f4 Qa8 31.Qc7 Ng6 32.f5 exf5 33.Qxf7 Qb8+ 0-1

[Event "I Open Olimpico A"]
[Site "Torino ITA"]
[Date "2005.12.04"]
[Round "2"]
[White "Faraoni, Enrico"]
[Black "Finocchiaro, Gianluca"]
[Result "1-0"]
[WhiteElo "2157"]
[BlackElo "1834"]
[PlyCount "95"]
[EventDate "2005.12.03"]

1.d4 d5 2.e4 e6 3.Nc3 dxe4 4.Nxe4 Bd7 5.Nf3 Bc6 6.Bd3 Nf6 7.Neg5 Bxf3 8.
Nxf3 Nc6 9.O-O Bd6 10.Re1 O-O 11.Bg5 Be7 12.c4 h6 13.Bc1 Qd7 14.b3 Bb4 15.
Bb2 Bxe1 16.Qxe1 Rfe8 17.Rd1 Rad8 18.b4 a6 19.a4 Na7 20.b5 c6 21.Ne5 Qe7 
22.Ra1 Nd7 23.Nf3 Nf6 24.h3 Nc8 25.bxa6 bxa6 26.Qa5 Qb7 27.Rb1 Qb3 28.Bc3 
Qa3 29.Ra1 Qd6 30.Bb4 Qb8 31.Rb1 Qb6 32.Qe5 Qa7 33.Bd2 Nd7 34.Qg3 Kf8 35.
Qh4 a5 36.Be3 Qc7 37.Bh7 Nd6 38.Bf4 Nf6 39.Bc2 Qa7 40.Bxh6 gxh6 41.Qxf6 
Nxc4 42.Qxh6+ Ke7 43.Be4 Rb8 44.Rc1 Qa6 45.Qg5+ Kd7 46.Rxc4 f6 47.Qxf6 Rf8
48.Ne5+ 1-0

[Event "I Open Olimpico A"]
[Site "Torino ITA"]
[Date "2005.12.04"]
[Round "2"]
[White "Ferretti, Carlo"]
[Black "Pulito, Alberto"]
[Result "1/2-1/2"]
[WhiteElo "2030"]
[BlackElo "2222"]
[PlyCount "84"]
[EventDate "2005.12.03"]

1.d4 d5 2.e3 Nf6 3.Bd3 c5 4.c3 Nc6 5.f4 Bg4 6.Nf3 e6 7.O-O Be7 8.Nbd2 O-O 
9.h3 Bf5 10.Qc2 Nh5 11.g4 Bxd3 12.Qxd3 Ng3 13.Rf2 f5 14.Rg2 Ne4 15.Ne5 
Nxe5 16.dxe5 c4 17.Qe2 b5 18.Nf3 Bc5 19.Nd4 Bxd4 20.exd4 b4 21.Bd2 bxc3 
22.Bxc3 Qb6 23.g5 a5 24.a4 Rfb8 25.Qc2 Ra7 26.Kf1 Rab7 27.Ke1 Qa7 28.Ra2 
Rb3 29.h4 Qb6 30.Re2 Qa7 31.h5 Qb6 32.h6 Rxc3 33.bxc3 Qb1+ 34.Qd1 Nxc3 35.
Qxb1 Rxb1+ 36.Kf2 Nxa2 37.Rxa2 gxh6 38.gxh6 Kf7 39.Kg3 Rb3+ 40.Kh4 Rf3 41.
Rb2 Kg6 42.Rg2+ Kxh6 1/2-1/2

[Event "I Open Olimpico A"]
[Site "Torino ITA"]
[Date "2005.12.04"]
[Round "2"]
[White "Fortino, Fabrizio"]
[Black "Boetto, Massimo"]
[Result "0-1"]
[WhiteElo "1995"]
[BlackElo "2000"]
[PlyCount "60"]
[EventDate "2005.12.03"]

1.e4 e6 2.d4 d5 3.Nc3 Nf6 4.e5 Nfd7 5.f4 c5 6.Nf3 Nc6 7.Be3 Qb6 8.Na4 Qa5+
9.c3 cxd4 10.b4 Nxb4 11.cxb4 Bxb4+ 12.Bd2 Bxd2+ 13.Nxd2 b6 14.Nb2 Nc5 15.
Be2 Qc3 16.Na4 Qe3 17.Nxc5 bxc5 18.Qb3 Qxf4 19.Bb5+ Ke7 20.Qa3 Qxe5+ 21.
Kd1 Qd6 22.Rf1 f6 23.Nb3 c4 24.Nc5 e5 25.h3 a6 26.Bxc4 dxc4 27.Qg3 Qxc5 
28.Qxg7+ Kd6 29.Rxf6+ Be6 30.Qf7 Qd5 0-1